00980nam a22002177a 450000500170000001000240001702000260004103500130006703500140008003700260009408200110012024500780013126000610020927000800027030000310035050000400038194200250042199900190044695201490046595201480061420241224115805.0 aB-758543 ENG-143146 a9789357318457c550.00 aB-758543 aEN-126678 adplbUppal Book Store a032.02 aLimca book of records, 2024bIndia at her best/cedited by Anirban Sarkar aGurugrambHachette Book Publishing India Pvt. Ltd.c2024 a4th & 5th Floors, Corporate Center, Plot No. 94,Sector 44bGurugrame122003 axii, 404p.bill.c27cm(Hb) aColoured Illustrations and pictures 2ddccRFh030.02mLIM c201812d201812 00102ddc4051718REFaLbLcREFd2024-03-14ePurchaseg550.00l0o030.02 LIMpB-758543r2024-03-27 00:00:00uB-758543v550.00w2024-03-27yRF 001040718REFaLbLd2024-12-24eDelivery of Books Divisiong550.00l0o030.02 LIMpEN-126678r2024-12-24 00:00:00t1v550.00w2024-12-24yRF